| 000 | 00000nam##2200000za#4500 |
| 001 | 9.663878 |
| 003 | CaOODSP |
| 005 | 20210615121253 |
| 007 | ta |
| 008 | 150407|2002||||xxc||||| f|0| 0 fre|d |
| 020 | |z0-662-32392-0 |
| 040 | |aCaOODSP|bfre |
| 041 | |aeng |
| 041 | |afre |
| 043 | |an-cn--- |
| 086 | 1 |aT31-122/2002-1 |
| 110 | 2 |aGarde côtière canadienne. |
| 245 | 10|aMini-manuel des procédures de R-D - version abrégée |
| 260 | |aOttawa - Ontario : |bPêches et Océans Canada. |c2002. |
| 300 | |a26p. : |btableaux ; |c28 cm. |
| 520 | 3 |aCe guide sommaire est destiné aux agents de projets et aux agents administratifs de la Garde côtière canadienne qui sont chargés de planifier les projets, d’adjuger les contrats de recherche et développement, et d’en rendre compte. Chaque nouvelle édition renferme les dernières mises à jour et évolue en réponse aux changements dans la planification d’entreprise et à la suite de la restructuration de l’organisation. |
| 563 | |aReliure à spirale |
| 590 | |a02-39|b2002-09-27 |
| 691 | 07|aGarde côtière|2gcpds |
| 691 | 07|aRecherche et développement|2gcpds |
| 776 | 0#|tR&D mini manual (abbreviated procedural guide) / |w(CaOODSP)9.695766 |
| 791 | |tR&D mini-manual abbreviated procedural guide |eeng|w(CaOODSP)9.663877 |